000 00485nam a2200181Ia 4500
001 1680
005 20260306143746.0
008 260306t2023||||xx |||||||||||||| ||spa||
041 _aESP
082 _a154.7
_bN47
100 _aNeubern, Maurício S.,
_eAUT
245 0 _aHypnosis in academia :
_bcontemporary challenges in research, healthcare and education
260 _c2023
300 _ax, 198 páginas :
_c24 cm.
650 _aGEN
654 _aCPS
942 _cLIB
_dJUS
_fJUS
_2ddc
_n
999 _c1680
_d1680